Statistiques concernant Pokémon 5eme generation français

Cliquez ici pour prendre le quiz!

Statistiques générales

  • Ce quiz a été pris 4,763 fois
    (3,577 depuis la dernière actualisation)
  • Le résultat moyen est 100 sur 156

Statistiques - réponses

Numéro Pokémon % Correct
7Roitiflam
95%
5Gruikui
95%
8Moustillon
94%
2Vipélierre
94%
151Zekrom
93%
150Reshiram
93%
4Majaspic
93%
10Clamiral
93%
1Victini
92%
6Grotichon
92%
3Lianaja
91%
153Kyurem
87%
9Mateloutre
86%
20Flamajou
85%
18Feuillajou
85%
26Poichigeon
85%
22Flotajou
85%
12Miradar
85%
11Ratentif
85%
13Ponchiot
85%
14Ponchien
84%
15Mastouffe
83%
21Flamoutan
83%
23Flotoutan
83%
28Déflaisan
82%
147Viridium
80%
146Terrakium
79%
29Zébibron
78%
154Keldeo
78%
145Cobaltium
78%
149Fulguris
77%
30Zéblitz
77%
16Chacripan
77%
19Feuiloutan
77%
17Léopardus
76%
152Démétéros
76%
148Boréas
75%
27Colombeau
75%
119Tranchodon
74%
156Genesect
74%
60Crocorible
73%
117Coupenotte
73%
58Mascaïman
72%
155Meloetta
72%
25Mushana
72%
24Munna
72%
94Emolga
71%
49Manternel
71%
59Escroco
70%
41Bétochef
69%
62Darumacho
69%
33Gigalithe
68%
37Minotaupe
68%
48Couverdure
68%
31Nodulithe
67%
39Charpenti
67%
40Ouvrifier
67%
77Zorua
66%
140Solochi
66%
36Rototaupe
66%
45Judokrak
66%
141Diamat
66%
46Karaclée
65%
69Tutafeh
65%
142Trioxhydre
65%
70Tutankafer
65%
118Incisache
64%
78Zoroark
64%
61Darumarond
64%
50Venipatte
64%
32Géolithe
64%
51Scobolide
64%
42Tritonde
63%
144Pyrax
63%
44Crapustule
63%
47Larveyette
63%
107Clic
63%
86Symbios
62%
84Nucléos
62%
116Lugulabre
62%
114Funécire
62%
106Tic
62%
121Polagriffe
62%
43Batracné
61%
120Polarhume
61%
52Brutapode
61%
34Chovsourir
61%
108Cliticlic
60%
38Nanméouïe
59%
35Rhinolove
59%
87Couaneton
59%
85Méios
59%
89Sorbébé
59%
83Sidérella
59%
90Sorboul
59%
91Sorbouboul
59%
143Pyronille
58%
122Hexagel
58%
103Mygavolt
58%
82Mesmérella
57%
128Drakkarmin
57%
88Lakmécygne
57%
102Statitik
56%
109Anchwatt
55%
115Mélancolux
55%
139Fermite
55%
71Carapagos
55%
53Doudouvet
54%
63Maracachi
54%
111Ohmassacre
54%
81Scrutella
54%
100Moyade
54%
54Farfaduvet
54%
73Arkéapti
53%
138Aflamanoir
53%
135Guériaigle
53%
99Viskuse
53%
131Scalpion
53%
132Scalproie
53%
92Vivaldaim
53%
136Vostourno
52%
133Frison
52%
130Golemastoc
52%
110Lampéroie
52%
104Grindur
52%
105Noacier
52%
93Haydaim
52%
124Limaspeed
52%
72Mégapagos
52%
56Fragilady
51%
137Vaututrice
51%
134Furaiglon
51%
68Cryptéro
51%
57Bargantua
51%
67Baggaïd
50%
76Miasmax
50%
55Chlorobule
49%
123Escargaume
49%
129Gringolem
49%
66Baggiguane
49%
96Lançargot
49%
79Chinchidou
49%
74Aéroptéryx
48%
75Miamiasme
47%
95Carabing
47%
125Limonde
47%
64Crabicoque
46%
80Pashmilla
46%
65Crabaraque
45%
127Shaofouine
43%
101Mamanbo
43%
112Lewsor
41%
126Kungfouine
41%
113Neitram
41%
98Gaulet
40%
97Trompignon
39%

Distribution des résultats

Percentile by Number Answered

% des personnes avec chaque résultat

Votre développement - résultats

Vous n’avez pas pris ce quiz depuis la dernière actualisation